000 00295nam a22001337a 4500
008 170525b xxu||||| |||| 00| 0 eng d
020 _a9780536196934
041 _aeng
080 _a62
100 _a26
101 _aIM
245 _aINTRODUCTION TO ENGINEERING
_cHORTON,M.J
942 _2udc
_cBK
999 _c14242
_d14242